Management of forestry research for results : proceedings of the first meeting of Subject Group S6.O6, Management of Forest Research, September, 1975 Paris, France.

Bibliographic Details
Corporate Author: International Union of Forestry Research Organizations. Subject Group S6.O6, Management of Forest Research
Format: Book
Language:English
Published: Paris : International Union of Forestry Research Organizations, 1975.
Subjects:

MARC

Tag First Indicator Second Indicator Subfields
LEADER 00000cam a2200000 i 4500
001 in00000042535
005 20151007074732.0
008 761216s1975 fr a b 10010 eng
010 |a  76382562  
015 |a F*** 
035 |a (OCoLC)02681234 
035 |9 AAF2011AM 
040 |a DLC  |c DLC  |d TXA  |d UtOrBLW 
049 |a TXAM  |c [1383746] 
050 0 0 |a SD251  |b .I57 1975 
082 0 |a 634.9/07/2 
110 2 |a International Union of Forestry Research Organizations.  |b Subject Group S6.O6, Management of Forest Research. 
245 1 0 |a Management of forestry research for results :  |b proceedings of the first meeting of Subject Group S6.O6, Management of Forest Research, September, 1975 Paris, France. 
264 1 |a Paris :  |b International Union of Forestry Research Organizations,  |c 1975. 
300 |a v, 146 pages :  |b illustrations ;  |c 27 cm. 
336 |a text  |b txt  |2 rdacontent 
337 |a unmediated  |b n  |2 rdamedia 
338 |a volume  |b nc  |2 rdacarrier 
504 |a Includes bibliographies. 
650 0 |a Forests and forestry  |x Research  |x Management  |x Congresses. 
999 |a MARS 
999 f f |s f861f437-e88b-386e-92dc-19b8648d0bf9  |i a76f168e-3d51-3869-b054-1d0dbd6744b7  |t 0 
952 f f |p ric  |a Texas A&M University  |b Rellis Campus  |c Joint Library Facility  |d Remote Storage  |t 0  |e SD251 .I57 1975  |h Library of Congress classification  |i unmediated -- volume  |m A14805225432 
998 f f |a SD251 .I57 1975  |t 0  |l Remote Storage